00000000nam 2200000zi 4500
0019.953820
003CaOODSP
00520250821103002
006m     o  d f      
007cr cn ||||||||
008250805e202508  onc     ob   f000 0 eng d
020 |a9780660783635
040 |aCaOODSP|beng|erda|cCaOODSP
043 |an-cn---
0861 |aA104-663/2025E-PDF
1102 |aCanadian Food Inspection Agency.|eauthor, |eissuing body.
24510|aCode of conduct.
264 1|aOttawa, ON : |bCanadian Food Inspection Agency = Agence canadienne d'inspection des aliments, |cAugust 2025.
264 4|c©2025
300 |a1 online resource (15 pages)
336 |atext|btxt|2rdacontent
337 |acomputer|bc|2rdamedia
338 |aonline resource|bcr|2rdacarrier
500 |aIssued also in French under title: Code de conduite.
500 |a"Effective June 2025"--Cover.
504 |aIncludes bibliographical references.
61020|aCanadian Food Inspection Agency|xOfficials and employees|xProfessional ethics.
77508|tCode de conduite.|w(CaOODSP)9.953819
85640|qPDF|s484 KB|uhttps://publications.gc.ca/collections/collection_2025/acia-cfia/A104-663-2025-eng.pdf
8564 |qHTML|sN/A|uhttps://inspection.canada.ca/en/about-cfia/job-opportunities/code-conduct